书目信息 |
| 题名: |
畜生级男人
|
|
| 作者: | 李师江 著 | |
| 分册: | ||
| 出版信息: | 北京 大众文艺出版社 2003.09 |
|
| 页数: | 292页 | |
| 开本: | 21cm | |
| 丛书名: | ||
| 单 册: | ||
| 中图分类: | I267.1 | |
| 科图分类: | ||
| 主题词: | 随笔--sui bi--中国--现代--选集 | |
| 电子资源: | ||
| ISBN: | 7-80171-343-5 | |
| 000 | 00735nam0 2200229 450 | |
| 001 | 012008337599 | |
| 005 | 20080320150718.68 | |
| 010 | @a7-80171-343-5@dCNY16.00 | |
| 100 | @a20080320d2003 km y0chiy0121 ea | |
| 101 | 0 | @achi |
| 102 | @aCN@b110000 | |
| 105 | @ay z 000cy | |
| 106 | @ar | |
| 200 | 1 | @a畜生级男人@Achu sheng ji nan ren@f李师江著@Fli shi jiang zhu |
| 210 | @a北京@c大众文艺出版社@d2003.09 | |
| 215 | @a292页@d21cm | |
| 330 | @a本书是作者的随笔作品集,作品有:抱一只臭脚来捧、救救她吧、小说天才被什么遮蔽了、没文化苦旅、越踢越黑等。 | |
| 606 | 0 | @a随笔@Asui bi@y中国@z现代@j选集 |
| 690 | @aI267.1@v4 | |
| 701 | 0 | @a李师江@Ali shi jiang@4著 |
| 801 | 0 | @aCN@bQSSK@c20080320 |
| 905 | @b20288361-64@dI267.1@eL262@f4 | |
| 畜生级男人/李师江著.-北京:大众文艺出版社,2003.09 |
| 292页;21cm |
| ISBN 7-80171-343-5:CNY16.00 |
| 本书是作者的随笔作品集,作品有:抱一只臭脚来捧、救救她吧、小说天才被什么遮蔽了、没文化苦旅、越踢越黑等。 |
| ● |
| 相关链接 |
|
|
|
正题名:畜生级男人
索取号:I267.1/L262
 
预约/预借
| 序号 | 登录号 | 条形码 | 馆藏地/架位号 | 状态 | 备注 |
| 1 | 288361 | 202883610 | 社科二线400B/400B社科库 13排3列1层/ [索取号:I267.1/L262] | 在馆 | |
| 2 | 288362 | 202883629 | 文学库116/116文学库 10排1列6层/ [索取号:I267.1/L262] | 在馆 | |
| 3 | 288363 | 202883638 | 文学库116/116文学库 10排1列6层/ [索取号:I267.1/L262] | 在馆 | |
| 4 | 288364 | 202883647 | 社科二线422/422社科库 49排3列5层/ [索取号:I267.1/L262] | 在馆 |